MDQL
is popping MORE tags! Check the
thread
!
Quizzes
Events
Quiz Creation
Community
Videos
Private Events
Remove Ads
Sign In
Join for FREE
Feedback
Dark Mode
Quiz Categories
Sports
Geography
Music
Movies
Television
Just For Fun
Miscellaneous
History
Literature
Language
Science
Gaming
Entertainment
Religion
Holiday
For Kids
Quiz Lab
Recent
Popular Today
Quiz Kudos Today
Editor Picks
Curator Picks
Quizzes by...
Day
Popularity
Type
Ratings
Length
Year
Community
Subscriptions
Recent Discussions
Orange Saloon
Badges
Playlists
Quests
Create
Leaderboards
Showdown
Live 5
Trivia Bingo
Activity
Puzzle Library
Sporcle Events
Private Events
Virtual Trivia
Globe League
Become a Host
Pub Owners
SporcleCon
Opinionation
Our Games
Videos
Blog
Mobile Apps
Partnerships
Remove Ads and Go Orange
Feedback
Gaming
Video Games
Board Games
Card Games
Pokémon
Mario
Nintendo
Minecraft
Console
Toys
Legend of Zelda
Gaming
Video Games
Board Games
Card Games
Pokémon
Mario
Nintendo
Minecraft
Console
Toys
Legend of Zelda
Random Quiz
Search Sporcle
×
Quiz Lab
Quiz Lab
Gaming
clash
Type in answers that appear in a list
Type in answers that appear in a list
Classic
Best Score? Go Orange.
The Ultimate Clash Royale Quiz Stats
How much do you know about Clash Royale?
By
Ler934
10m
92 Questions
489 Plays
489 Plays
489 Plays
Comments
Comments
Give Quiz Kudos
Give Quiz Kudos
-
- Ratings
hide this ad
Replay
Link that replays current quiz
Next Quiz
Link to next quiz in quiz playlist
You Got
0%
They Got
Avg Score
50%
Avg Friend Score
Upgrade to see
Score Distribution
Jump to the score distribution portion of the page
Score
0/92
Timer
10:00
0
Plays Today
Hint
Answer
% Correct
Common Card
Goblins
86%
Epic Card
P.E.K.K.A
78.2%
Rare Card
Giant
72.9%
Epic Card
Prince
70%
Arena 2
Bone Pit
67.1%
Arena 1
Goblin Stadium
66.5%
Common Card
Spear Goblins
65.5%
Arena 3
Barbarian Bowl
63.9%
Arena 10
Legendary Arena
63.7%
Arena 9
Jungle Arena
63.4%
Common Card
Skeletons
63%
Arena 5
Spell Valley
62.8%
Legendary Card
Inferno Dragon
62.2%
Legendary Card
Ice Wizard
62.2%
Arena 4
P.E.K.K.A's Playhouse
61.8%
Arena 7
Royal Arena
61.4%
Arena 8
Frozen Peak
60.8%
Common Card
Archers
60.2%
Common Card
Barbarians
60.2%
Arena 6
Builder's Workshop
59.3%
Epic Card
Witch
59.3%
Legendary Card
Princess
58.1%
Max Level of Common Cards
13
57.7%
Common Card
Knight
57.5%
Legendary Card
Lava Hound
57.3%
Rare Card
Mini P.E.K.K.A
56.7%
Common Card
Arrows
56.3%
Common Card
Zap
56.3%
Epic Card
Skeleton Army
56.3%
Legendary Card
The Log
56.3%
Legendary Card
Miner
55.6%
Hint
Answer
% Correct
Legendary Card
Electro Wizard
55.6%
Chest
Silver Chest
55.6%
Legendary Card
Sparky
55.2%
Max Level of Rare Cards
11
55.2%
# of Players Allowed in a Clan
50
54.6%
Common Card
Minions
54.2%
Rare Card
Wizard
54%
Common Card
Royal Giant
53%
Legendary Card
Graveyard
52.8%
Chest
Free Chest
52.8%
Chest
Magical Chest
52.2%
Common Card
Ice Spirit
52%
Legendary Card
Lumberjack
52%
Common Card
Fire Spirits
51.5%
Chest
Super Magical Chest
51.5%
Epic Card
Dark Prince
50.9%
Common Card
Bomber
50.3%
Chest
Legendary Chest
50.3%
Common Card
Minion Horde
50.1%
Rare Card
Fireball
50.1%
Common Card
Elite Barbarians
49.9%
Chest
Golden Chest
49.9%
Epic Card
Baby Dragon
49.7%
Rare Card
Inferno Tower
49.1%
Rare Card
Hog Rider
48.9%
Chest
Giant Chest
48.7%
Epic Card
Giant Skeleton
48%
Epic Card
Golem
48%
Rare Card
Goblin Hut
47%
Rare Card
Musketeer
46.6%
Rare Card
Barbarian Hut
46.2%
Hint
Answer
% Correct
Epic Card
Rage
45.8%
Rare Card
Tombstone
45.4%
# of Skeletons in the Army
16
45.2%
Epic Card
Freeze
45%
Epic Card
Lightning
44.8%
Common Card
Cannon
43.7%
Epic Card
X-Bow
43.7%
Common Card
Tesla
43.3%
Rare Card
Rocket
43.3%
Rare Card
Valkyrie
42.7%
Epic Card
Poison
42.3%
Epic Card
Goblin Barrel
42.1%
Chest
Epic Chest
41.9%
Chest
Crown Chest
40.9%
Rare Card
Ice Golem
40.5%
Common Card
Mortar
40.2%
Rare Card
Furnace
39.8%
Epic Card
Balloon
39.6%
Epic Card
Mirror
39.2%
Rare Card
Mega Minion
38.8%
Epic Card
Bowler
37.8%
Rare Card
Bomb Tower
37.2%
Chest
Clan Chest
36.8%
Rare Card
Three Musketeers
36.3%
Epic Card
Clone
33.3%
Epic Card
Guards
32.6%
Epic Card
Tornado
29%
Rare Card
Elixir Pump
13.8%
Max Level of Legendary Cards
5
11.9%
Max Level of Epic Cards
8
11.1%
Quiz Playlist
Details
Report
Send in Message
Add To Playlist
Classic:
Type in answers that appear in a list
Last Updated: Feb 16, 2017
Quiz Scoreboard
CHALLENGE
Sign Up to Join the Scoreboard
Show All
Scores
Hide
Comments
May contain spoilers
Recently Published
Colored Red Africa Blitz
by spor1
Geography
30s
Find the 'City' Movie
by crazypaving
Movies
60s
5x2 Blitz: Bands
by SL_Kpop136
Music
30s
More to Explore
Quiz From the Vault
Featured Blog Post
14 Easter Pick-up Lines to Find Eggs With
hide this ad
You Might Also Like...
Tags
clash
much
Royale
ultimate
Today's Top Quizzes in Gaming
Browse Gaming
hide this ad
Today's Top Quizzes in clash
Browse clash
Top Contributed Quizzes in Gaming
1
League of Legends Pro Players by Career/Team History
2
Genshin murder mystery
3
Destiny 2 exotic weapons by perk icons
4
Dead By Daylight Logic Puzzle
5
Genshin Impact Logic Puzzle
6
Valorant Agent Developer Names (Up to Clove)
7
Overwatch 2: Ultimate Ability Icons
8
Who's on the WWE 2K24 Cover?
9
Genshin Impact Logic Puzzle Quiz II
10
4x4 Decades: Video Games
Explore More
Trending Topics
Crossword
NBA
Disney
Marvel
Kpop
Anime
Harry Potter
WWE
Puzzle
Soccer
Song
The Office
Country
NFL
Pokémon
hide this ad
More By:
Ler934
Quiz
Plays
Rating
Category
Featured
Created
The Ultimate Clash Royale Quiz
489
Gaming
Dec 22, 2016
Go to Creator's Profile
Score Distribution
Quiz Creator Spotlight
Ler934
Follow
Send a Message
Quizzes Created
-
Created Quiz Play Count
-
More By This Creator
Popular Quizzes Today
1
Colored Red Africa Blitz
2
Find the 'City' Movie
3
5x2 Blitz: Bands
4
Find the US States - No Outlines Minefield
5
The Countries of the World
6
Find the US States
7
US States
8
Find the Countries of Europe - No Outlines Minefield
More Gaming Quizzes
Longest Pokémon Names A-Z
Editor's Pick
Trending Quizzes
Colored Red Europe Blitz I
Colored Red Europe Blitz II
Colored Red Africa Blitz II
Colored Red Europe Blitz III
Colored Red Africa Blitz III
Recently Updated
How Do You Spell That?
pecheneg
Godzilla Movies
pecheneg
Grab Bag: 4-10 Letters
pecheneg
2024 March Madness Bracket
pecheneg
Famous TV Couples
Peacemaker
Champions League XIs: Real Madrid
pecheneg
Largest US Cities 1790-2010
pecheneg
Rides in Walt Disney World
pecheneg
Most Oscar Losses (Acting)
pecheneg
Beyoncé Albums
pecheneg
Trending Topics
Crossword
NBA
Disney
Marvel
Kpop
Harry Potter
Anime
Song
NFL
Puzzle
The Office
Soccer
WWE
Country
Pokémon
Your Account Isn't Verified!
In order to create a playlist on Sporcle, you need to verify the email address you used during registration. Go to your
Sporcle Settings
to finish the process.
Report this User
Report this user for behavior that violates our
Community Guidelines
.
Details:
Send Report
Go to the Sporcle.com Mobile Site →
Comments